000 01024 a2200229 4500
001 44291
005 20260407155721.0
008 260407a2004 arg spa d
003 AR-UNSa-BCEJYS
040 _aAR-UNSa-BCEJYS
_bspa
_cAR-UNSa-BCEJYS
080 _a336.77
_xCrédito. Función económica del crédito (Microcréditos)
245 1 0 _aMicrocréditos
_puna estrategia contra la exclusión
020 _a987-545-193-2
264 1 _aBuenos Aires :
_bGrupo Editorial Norma
_c2004
300 _a159 p.
_c23 cm.
505 _a1. ¿Qué son las microfinanzas? - 2. Contexto internacional - 3. Aspectos específicos - 4. La situación de la IMFS en nuestro país - 5. Fortalezas y debilidades para el desarrollo de las microfinanzas en la Argentina - 6. Un ejemplo de que juntos se puede - 7. Testimonios
041 _aspa
942 _cBK
590 _aniveau_biblio:m niveau_hierar:0
100 1 _aBekerman, Marta
856 4 1 _uhttps://biblioeco.unsa.edu.ar/pmb/images/libros/L117566.jpg
_yImagen de portada
_qimage/jpeg
999 _c3780
_d3780